000 00463nam a2200169 i 4500
001 42390
003 ES-MaACL
005 20230906160613.0
007 t|
008 030313s1970 sp ||||1| spa d
100 1 _aCastresana, Luis de.
_936806
245 1 0 _aRetrato de una bruja
_b: novela... /
_cLuis de Castresana.
250 _a[1ยช ed.].
260 _aBarcelona :
_bPlaneta,
_c[1970]
300 _a312 p. ;
_c19 cm.
852 _aES-MaACL
_jC-39296
_bR.75947
999 _c42390
_d42390